000 01090nam a22003257a 4500
003 CHAP
005 20220329140950.0
008 971013s1972 r 10010 d
010 _a60579
011 _a61551
035 _a65717
040 _cCHAP
082 _a628.1
_bS9
111 0 0 _aSymposium on Advanced Techniques in River Management; the Trent Model Research Programme (
_d1971
_c: Nottingham, England)
_9110969
245 _aProceeding
260 _aLondon :
_bInstitution of Water Engineers,
_c1972
300 _a213 p.
590 _aBATCH-UPD
_b10
_c20130110
_lUCH01
_h0642
590 _aBATCH-UPD
_b10
_c20130110
_lUCH01
_h2307
590 _aBATCH-UPD
_b10
_c20130410
_lUCH01
_h0326
590 _aBATCH-UPD
_b10
_c20130914
_lUCH01
_h1604
590 _aCONVERSION
_b10
_c20130109
_lUCH01
_h1333
650 1 4 _aAgua
_xAprovechamiento.
_92282
650 1 4 _aDepósitos.
_931848
650 1 4 _aRíos.
_999166
710 0 _aInstitution of Water Engineers. London.
_959051
901 _aBK
942 _cLIBRO
949 _a628.1 S9
_bBC
_cLIBRO
_d33724002204363
_eLIBRO
_h43219
_i65717
_si
_t250.00
999 _c60579
_d60579